Bağımsız demokratik Türkiye için Altıok (Record no. 11356)

MARC details
000 -BAŞLIK
Sabit Uzunlukta Kontrol Alanı 01036na a2200301 4500
001 - KONTROL NUMARASI
Denetim Alanı 21817
003 - KONTROL NUMARASI IDENTIFIER
Denetim Alanı MIRAKIL
005 - SON İŞLEM TARİHİ VE ZAMANI
Denetim Alanı 20190301101328.0
008 - SABİT-BOY VERİ ELEMANLARI - GENEL BİLGİLER
Sabit Uzunlukta Kontrol Alanı 170215b tu n0 0 0
035 ## - SİSTEM KONTROL NUMARASI
Sistem Kontrol Numarası 20918
040 ## - KATALOGLAMA KAYNAK
Orijinal Kataloglama Ajansı Milas
Kataloglama Dili tur
Metne Dönüştürmek Ajansı TR-AnCHP
041 ## - DİL KODU
Metin / Ses Parça Veya Ayrı Başlığın Dil Kodu tur
082 ## - DEWEY ONLU SINIFLANDIRMA NUMARASI
Sınıflandırma Numarası CHP 050
Ürün Numarası ALTIOK 1999-
090 ## - SINIFLAMA NUMARASI
Sınıflama Numarası CHP 050 DER 22-25 ALTIOK
222 ## - ANAHTAR ADI
Anahtar Başlık Altıok
245 ## - BAŞLIK TABLOSU
Başlık Bağımsız demokratik Türkiye için Altıok
Başlığın Kalan CHP Kartal Gençlik Kolları basın yayın birimi yayın organıdır
Sorumluluk Tablosu, Vb CHP Kartal Gençlik Kolları
246 ## - UNVAN FORM VARYING
Başlık Doğru / Kısa Başlığı Altıok
260 ## - YAYIN, DAĞITIM, VB
Yayın, Dağıtım, Vb Yeri İstanbul
Yayıncı, Dağıtıcı, Vs Adı CHP Kartal Gençlik Kolları
Yayın, Dağıtım, Vb Tarihi 1999-
300 ## - FİZİKSEL TANIM
Kapsam c.
Diğer Fiziksel Ayrıntıları res.
Boyutlar 27 sm.
500 ## - GENEL NOT
Genel Not Mevcut sayılar: (1) 1999
500 ## - GENEL NOT
Genel Not CHP Kartal Gençlik Kolları basın yayın birimi yayın organıdır
610 ## - KONU KATMA GİRİŞ - TOPLANTI ADI
Giriş Elemanı Olarak Kurumsal Ad Veya Yargı Alanı Adı CHP
Alt Birim Kartal Gençlik Kolları
Biçim Alt Bölümü Süreli yayınlar
650 ## - KONU KATMA GİRİŞ - TOPİKAL DÖNEM
Topikal Süreli Veya Coğrafi Ad Giriş Elemanı Siyasal partiler
Form Alt Bölümü Süreli yayınlar
651 ## - KONU KATMA GİRİŞ - COĞRAFİ ADI
Coğrafi İsim Türkiye
Genel Alt Bölümü Siyaset ve yönetim
Kronolojik Alt Bölümü Süreli yayınlar
910 ## - KULLANICI SEÇENEK, VERİLERİN (OCLC)
Kullanıcı Seçenek Veri DERGİ 22-25 ALTIOK
942 ## - EKLENDİ GİRİŞ ELEMANLARI (KOHA)
Sınıflandırma Veya Raf Düzeni Kaynak Dewey Decimal Classification
Koha Öğesi Türü Serials
Seri Kayıt Bayrağı 1
999 ## - SİSTEM KONTROL NUMARALARI (KOHA)
Koha Biblionumber 11356
Koha Biblioitemnumber 11356
655 ## - INDEX DÖNEM - TÜR / FORMU
-- Dergi
Holdings
Kullanım Kısıtlamaları Kalıcı Konum Mevcut Konum Edinme Tarihi Kodlu Konum Eleme Toplam Check-Out'Lar Tam Çağrı Numarası Barkod Tarih Son Görülme İtibaren Geçerli Fiyatlar Sigara Kamu Notu Koha Öğesi Türü
Kütüphane dışına çıkarılamaz CHP Kütüphanesi CHP Kütüphanesi 02/08/2017 SÜRELİ YAYINLAR   079 KARAGÖZ D025 02/08/2017 02/08/2017 Serials